[Event "4NCL"]
[Site "Barcelo Hotel, Hinkley Island,"]
[Date "2011.01.16"]
[Round "4.42"]
[White "Harford, Alun"]
[Black "Livesey, R Nigel"]
[Result "1/2-1/2"]
[WhiteElo "1858"]
[BlackElo "1880"]
[PlyCount "95"]
[EventDate "2011.??.??"]
[WhiteTeam "Guildford A&DC 4"]
[BlackTeam "e2e4.org.uk 4"]

1. e4 Nf6 2. Nc3 d5 3. exd5 Nxd5 4. Nf3 Bg4 5. Be2 e6 6. Nxd5 Qxd5 7. c4 Qd6 8.
b3 Bxf3 9. Bxf3 Qe5+ 10. Kf1 Qxa1 11. Bxb7 Ba3 12. Ke2 Bxc1 13. Qxc1 Qe5+ 14.
Kf1 O-O 15. Bxa8 c6 16. Qc3 Qc7 17. Qb4 Rd8 18. g3 a5 19. Qb7 Qxb7 20. Bxb7 Rd7
21. Ba8 Ra7 22. Bxc6 Nxc6 23. Ke2 Rd7 24. Rc1 Kf8 25. Ke3 Ke8 26. a3 Kd8 27.
Rc3 Kc7 28. Rd3 Rxd3+ 29. Kxd3 Kd6 30. Kc3 Kc5 31. d4+ Kb6 32. b4 axb4+ 33.
axb4 f6 34. b5 Ne7 35. Kb4 h5 36. f4 g5 37. c5+ Kb7 38. Kc4 Nd5 39. fxg5 fxg5
40. Kd3 Nf6 41. h4 g4 42. Ke3 Nd5+ 43. Kd3 Ne7 44. Ke4 Ng6 45. d5 exd5+ 46.
Kxd5 Nxh4 47. Ke4 Nf3 48. Kf4 1/2-1/2

[Event "4NCL"]
[Site "Barcelo Hotel, Hinkley Island,"]
[Date "2011.01.16"]
[Round "4.42"]
[White "Hewitt, Sean D"]
[Black "Armour, Philip"]
[Result "1-0"]
[WhiteElo "1923"]
[BlackElo "1826"]
[PlyCount "115"]
[EventDate "2011.??.??"]
[WhiteTeam "e2e4.org.uk 4"]
[BlackTeam "Guildford A&DC 4"]

1. e4 Nf6 2. Nc3 d6 3. Nf3 e5 4. Bc4 Be7 5. d3 Bg4 6. Be3 c6 7. h3 Bh5 8. g4
Bg6 9. Bb3 a5 10. a4 Na6 11. Qd2 b6 12. O-O-O Nc5 13. Bxc5 bxc5 14. h4 h5 15.
g5 Nh7 16. Rdg1 Qd7 17. Ne2 Nf8 18. Rg3 Ne6 19. Ne1 O-O 20. Ng2 d5 21. f3 Bd8
22. Rf1 Bc7 23. Ne3 Nd4 24. Ba2 Rab8 25. Rgg1 Rb4 26. b3 Rd8 27. Nc3 Nxf3 28.
Rxf3 d4 29. Nf5 dxc3 30. Qxc3 Bxf5 31. Rxf5 Qd4 32. Qxd4 cxd4 33. g6 fxg6 34.
Rxg6 Rd6 35. Rxd6 Bxd6 36. Rxh5 Rb8 37. b4+ Kf8 38. Rh8+ Ke7 39. Rxb8 Bxb8 40.
bxa5 Kd6 41. Bc4 Kc5 42. a6 Kb4 43. Kd2 Ba7 44. h5 Kxa4 45. Ke2 Kb4 46. Kf3 Kc5
47. Kg4 Kd6 48. Kf5 Ke7 49. Kxe5 c5 50. Kf5 Kf8 51. Kg6 Bb8 52. e5 Ba7 53. Kf5
Ke7 54. Ke4 Kd7 55. Kd5 Bb6 56. Bb5+ Kc8 57. Kc6 Ba7 58. e6 1-0

[Event "4NCL"]
[Site "Barcelo Hotel, Hinkley Island,"]
[Date "2011.01.16"]
[Round "4.42"]
[White "Gunn, Michael J"]
[Black "Fowler, David J"]
[Result "0-1"]
[WhiteElo "1781"]
[BlackElo "1719"]
[PlyCount "62"]
[EventDate "2011.??.??"]
[WhiteTeam "Guildford A&DC 4"]
[BlackTeam "e2e4.org.uk 4"]

1. c4 Nf6 2. g3 e6 3. Bg2 d5 4. cxd5 exd5 5. d4 Bd6 6. Nc3 c6 7. Nf3 O-O 8. O-O
Bf5 9. Nh4 Qd7 10. Nxf5 Qxf5 11. e3 Re8 12. f3 Bc7 13. e4 dxe4 14. fxe4 Qd7 15.
d5 Bb6+ 16. Kh1 cxd5 17. exd5 Na6 18. Bg5 Ng4 19. d6 Nf2+ 20. Rxf2 Bxf2 21. Qd2
Bc5 22. Ne4 Re6 23. Rd1 Bb6 24. Bf4 Rae8 25. Qd3 Nc5 26. Qd5 Nxe4 27. Bxe4 Rxe4
28. Bd2 R8e5 29. Qb3 Qc6 30. h4 Re1+ 31. Kh2 Qh1# 0-1

[Event "4NCL"]
[Site "Barcelo Hotel, Hinkley Island,"]
[Date "2011.01.16"]
[Round "4.43"]
[White "Terry, Sean"]
[Black "Maguire, Robert"]
[Result "1-0"]
[WhiteElo "1861"]
[BlackElo "1925"]
[PlyCount "45"]
[EventDate "2011.??.??"]
[WhiteTeam "Oxford 3"]
[BlackTeam "KJCA Kings"]

1. d4 Nf6 2. Bg5 e6 3. Nf3 c5 4. e3 b6 5. Be2 Bb7 6. O-O Be7 7. c4 d6 8. Nc3 h6
9. Bh4 g5 10. Bg3 g4 11. Ne1 h5 12. f3 Rg8 13. dxc5 bxc5 14. Nb5 e5 15. Bh4 e4
16. Bxf6 gxf3 17. Bxe7 Kxe7 18. Nxf3 exf3 19. Bxf3 Bc6 20. Bd5 Rg7 21. Qf3 Bxd5
22. Qxd5 Na6 23. Qb7+ 1-0

[Event "4NCL"]
[Site "Barcelo Hotel, Hinkley Island,"]
[Date "2011.01.16"]
[Round "4.43"]
[White "Bayliss, Lyall CP"]
[Black "Henbest, Kevin B"]
[Result "1-0"]
[WhiteElo "1963"]
[BlackElo "1740"]
[PlyCount "119"]
[EventDate "2011.??.??"]
[WhiteTeam "KJCA Kings"]
[BlackTeam "Oxford 3"]

1. e4 c5 2. c3 Nf6 3. e5 Nd5 4. d4 cxd4 5. Nf3 Nc6 6. Bc4 Nb6 7. Bb3 d5 8. exd6
Qxd6 9. O-O e6 10. cxd4 Be7 11. Nc3 a6 12. a3 O-O 13. Qd3 Bd7 14. Ne4 Qc7 15.
Bc2 f5 16. Nc5 Rad8 17. b4 Bf6 18. Bb2 Nd5 19. Rfe1 Qc8 20. Bb3 Nce7 21. Rac1
Nc6 22. Ne5 Bxe5 23. dxe5 Nf4 24. Qf3 Ng6 25. Rcd1 Rfe8 26. Qxf5 Kh8 27. Qg4
Nf8 28. Rd6 b6 29. Nxd7 Rxd7 30. Rc1 Rc7 31. Qc4 b5 32. Qc3 Nd4 33. Qxc7 Ne2+
34. Kf1 Nxc1 35. Qxc1 Qb7 36. Qc6 Qf7 37. Qxa6 Qf5 38. Qxb5 Qb1+ 39. Rd1 Qg6
40. Qd3 Qg5 41. Ba4 Rc8 42. b5 Ng6 43. Qd7 Rf8 44. Qd4 Nh4 45. Qe4 h5 46. Bc2
Nf5 47. a4 Ne3+ 48. Kg1 Nxc2 49. Qxc2 h4 50. Qd2 Qf5 51. Ba3 Rc8 52. Qd4 Qg5
53. b6 h3 54. g3 Qf5 55. b7 Rf8 56. Bxf8 Qf3 57. Bxg7+ Kxg7 58. Qd7+ Kh6 59.
Qxe6+ Kg5 60. Qf6+ 1-0

[Event "4NCL"]
[Site "Barcelo Hotel, Hinkley Island,"]
[Date "2011.01.16"]
[Round "4.44"]
[White "Ociepka, Adrian"]
[Black "Burke, Mitchell R"]
[Result "1-0"]
[WhiteElo "2170"]
[BlackElo "1898"]
[PlyCount "77"]
[EventDate "2011.??.??"]
[WhiteTeam "Hackney"]
[BlackTeam "3Cs 2"]

1. e4 e5 2. Nf3 Nc6 3. Bb5 a6 4. Ba4 Nf6 5. O-O Be7 6. Re1 b5 7. Bb3 d6 8. c3
O-O 9. h3 Na5 10. Bc2 c5 11. d4 Qc7 12. d5 Nb7 13. Nbd2 Bd7 14. Nf1 Ne8 15. a4
Rb8 16. g4 g6 17. Ng3 Ng7 18. Bh6 Nd8 19. Kg2 f6 20. Nh2 Nf7 21. Bd2 bxa4 22.
Bc1 Qc8 23. Bxa4 Bb5 24. Nhf1 Bd8 25. Ne3 c4 26. Bc2 Bb6 27. Qe2 Qc7 28. h4 Nd8
29. Rh1 Nb7 30. h5 Nc5 31. hxg6 hxg6 32. Rh6 Kf7 33. g5 Rh8 34. Qf3 Qe7 35. Ng4
Nd7 36. gxf6 Nxf6 37. Bg5 Ngh5 38. Nxh5 gxh5 39. Rxf6+ 1-0

[Event "4NCL"]
[Site "Barcelo Hotel, Hinkley Island,"]
[Date "2011.01.16"]
[Round "4.44"]
[White "Clements, Thomas A"]
[Black "Walker, Nicholas P"]
[Result "1/2-1/2"]
[WhiteElo "1886"]
[BlackElo "2074"]
[PlyCount "119"]
[EventDate "2011.??.??"]
[WhiteTeam "3Cs 2"]
[BlackTeam "Hackney"]

1. e4 Nc6 2. Nc3 Nf6 3. g3 e5 4. d3 Bb4 5. Bd2 d5 6. Bg2 Bg4 7. Bf3 Bxf3 8.
Nxf3 O-O 9. Qe2 Nd4 10. Nxd4 exd4 11. Nb5 Bxd2+ 12. Qxd2 dxe4 13. dxe4 c5 14.
f3 Qb6 15. c4 dxc3 16. Nxc3 Rad8 17. Qf2 Rd4 18. O-O Rfd8 19. Rad1 Qe6 20. Qc2
h5 21. a3 Qd7 22. Rxd4 cxd4 23. Rd1 h4 24. Kg2 hxg3 25. hxg3 d3 26. Qd2 a6 27.
Qe3 b5 28. Rd2 g6 29. Ne2 Nh5 30. g4 Ng7 31. Nf4 Ne6 32. Nd5 Kg7 33. Rxd3 Rh8
34. Rd1 Rc8 35. Qd2 Qd6 36. Rh1 g5 37. Rh7+ Kxh7 38. Nf6+ Kg6 39. Qxd6 Kxf6 40.
Qxa6 Rc2+ 41. Kf1 Rxb2 42. Qd6 Rb3 43. Kg2 Rb2+ 44. Kg3 Rb3 45. Qd2 Kg6 46. Qa2
Nd4 47. Qd2 Nxf3 48. Qd6+ Kg7 49. Kf2 Nh4 50. Qe5+ Kg6 51. Qd6+ Kg7 52. Qc5 Kg6
53. Qd6+ Kg7 54. Qd8 Rb2+ 55. Kf1 Nf3 56. Qc8 Nd2+ 57. Ke2 Nxe4+ 58. Ke3 Nf6
59. Qf5 Rb3+ 60. Kd2 1/2-1/2

[Event "4NCL"]
[Site "Barcelo Hotel, Hinkley Island,"]
[Date "2011.01.16"]
[Round "4.44"]
[White "Vives, Pepe"]
[Black "Horton, Jamie A"]
[Result "1/2-1/2"]
[WhiteElo "1930"]
[BlackElo "1882"]
[PlyCount "104"]
[EventDate "2011.??.??"]
[WhiteTeam "Hackney"]
[BlackTeam "3Cs 2"]

1. e4 c5 2. Nf3 g6 3. d4 cxd4 4. Nxd4 Nc6 5. Be3 Bg7 6. Nc3 Nf6 7. f3 O-O 8.
Bc4 Qb6 9. Bb3 Nxe4 10. Nd5 Qa5+ 11. c3 Nc5 12. Nxc6 dxc6 13. Nxe7+ Kh8 14.
Nxc8 Raxc8 15. O-O Rfe8 16. Bd4 Ne6 17. Bxg7+ Kxg7 18. f4 Rcd8 19. Qg4 f5 20.
Qh4 Nc5 21. Bf7 Kxf7 22. b4 Qb6 23. Qxh7+ Kf6 24. bxc5 Qxc5+ 25. Kh1 Qe7 26.
Qh4+ Kf7 27. Qh7+ Kf6 28. Qh4+ Kg7 29. Qf2 Qe3 30. Qb2 b5 31. c4+ Qd4 32. Qxd4+
Rxd4 33. cxb5 cxb5 34. Rf2 a5 35. g3 Rb8 36. Rc1 Rb6 37. Rc5 a4 38. a3 Rd3 39.
Rb2 Rxa3 40. Rbxb5 Rxb5 41. Rxb5 Rb3 42. Ra5 a3 43. Ra6 Kh7 44. Ra7+ Kh6 45.
Kg2 Rb2+ 46. Kh3 a2 47. Ra8 Kg7 48. Ra7+ Kf6 49. Ra6+ Kg7 50. Ra7+ Kh6 51. Ra5
Rc2 52. Ra6 Kh5 1/2-1/2

[Event "4NCL"]
[Site "Barcelo Hotel, Hinkley Island,"]
[Date "2011.01.16"]
[Round "4.44"]
[White "Manton, Jacob"]
[Black "Ociepka, Dominika"]
[Result "1-0"]
[WhiteElo "1754"]
[BlackElo "1426"]
[PlyCount "105"]
[EventDate "2011.??.??"]
[WhiteTeam "3Cs 2"]
[BlackTeam "Hackney"]

1. d4 Nf6 2. c4 g6 3. Nc3 Bg7 4. e4 d6 5. f3 O-O 6. Be3 e5 7. d5 a5 8. Qd2 Nbd7
9. Be2 Nc5 10. g4 Qe7 11. O-O-O b6 12. Nh3 Ba6 13. Rdg1 Rfb8 14. Nf2 Kh8 15. h4
Qd7 16. h5 Na4 17. Bg5 Nxc3 18. Qxc3 b5 19. h6 Bxh6 20. Rxh6 Ne8 21. Rgh1 f6
22. Rxh7+ Qxh7 23. Rxh7+ Kxh7 24. Be3 bxc4 25. Bxc4 Bxc4 26. Qxc4 Rb4 27. Qc6
Rab8 28. Nd3 R4b7 29. Qd7+ Kh8 30. Qf7 g5 31. Bd2 c5 32. Qe6 c4 33. Ne1 Rxb2
34. Qxe8+ Rxe8 35. Kxb2 Rb8+ 36. Kc3 Kg7 37. Nc2 Kf7 38. Na3 Ke7 39. Nxc4 Rb5
40. a4 Rb4 41. Nb2 Rb7 42. Kc2 Rc7+ 43. Kd3 Rb7 44. Nc4 Kd7 45. Nxa5 Ra7 46.
Kc4 Kc7 47. Kb4 Ra8 48. Nc4 Rb8+ 49. Kc3 Ra8 50. a5 Ra6 51. Be3 Ra8 52. Bb6+
Kd7 53. Kb4 1-0

[Event "4NCL"]
[Site "Barcelo Hotel, Hinkley Island,"]
[Date "2011.01.16"]
[Round "4.45"]
[White "Hosken, Nigel K"]
[Black "Dickson, George"]
[Result "1/2-1/2"]
[WhiteElo "2101"]
[BlackElo "2104"]
[PlyCount "39"]
[EventDate "2011.??.??"]
[WhiteTeam "Gloucestershire Gambits"]
[BlackTeam "Metropolitan"]

1. d4 Nf6 2. c4 g6 3. Nc3 d5 4. cxd5 Nxd5 5. e4 Nxc3 6. bxc3 Bg7 7. Be3 O-O 8.
Qd2 c5 9. Nf3 cxd4 10. cxd4 Nc6 11. Rc1 Bg4 12. d5 Bxf3 13. gxf3 Ne5 14. Be2
Rc8 15. O-O Qd7 16. f4 Nc4 17. Rxc4 Rxc4 18. Bxc4 Qg4+ 19. Kh1 Qf3+ 20. Kg1
1/2-1/2

[Event "4NCL"]
[Site "Barcelo Hotel, Hinkley Island,"]
[Date "2011.01.16"]
[Round "4.45"]
[White "Fegan, Chris"]
[Black "Martin, Peter"]
[Result "0-1"]
[WhiteElo "2012"]
[BlackElo "2082"]
[PlyCount "104"]
[EventDate "2011.??.??"]
[WhiteTeam "Metropolitan"]
[BlackTeam "Gloucestershire Gambits"]

1. Nf3 d5 2. d4 Nf6 3. e3 Bg4 4. c4 Nbd7 5. cxd5 Nxd5 6. e4 N5f6 7. e5 Nd5 8.
h3 Bh5 9. Qb3 N7b6 10. a4 a5 11. g4 Bg6 12. e6 f6 13. Nc3 Qd6 14. Nxd5 Qxe6+
15. Ne5 Qxd5 16. Bb5+ Kd8 17. Qxd5+ Nxd5 18. Nxg6 hxg6 19. Bd3 g5 20. Bf5 Ra6
21. Bd2 e6 22. Be4 c6 23. Bd3 Ra8 24. O-O-O Bb4 25. Be3 Bd6 26. Rde1 Kd7 27.
Bc4 Rae8 28. Kb1 Bf4 29. Kc2 Kd6 30. b3 Rh7 31. Bf1 g6 32. Bg2 Rc8 33. Kd3 f5
34. Bf3 Rch8 35. Bg2 Bxe3 36. fxe3 f4 37. e4 Ne3 38. e5+ Ke7 39. Be4 Rxh3 40.
Rxh3 Rxh3 41. Kd2 Rh2+ 42. Kc3 Rh3 43. Kd2 Nxg4 44. Bxg6 Ne3 45. Rb1 g4 46. b4
Nc4+ 47. Ke2 Re3+ 48. Kf2 g3+ 49. Kg2 Re2+ 50. Kg1 Nd2 51. Bh5 Rh2 52. Rd1 f3
0-1

[Event "4NCL"]
[Site "Barcelo Hotel, Hinkley Island,"]
[Date "2011.01.16"]
[Round "4.45"]
[White "Waterfield, John W"]
[Black "Vachtfeidl, Petr"]
[Result "0-1"]
[WhiteElo "2005"]
[BlackElo "2004"]
[PlyCount "74"]
[EventDate "2011.??.??"]
[WhiteTeam "Gloucestershire Gambits"]
[BlackTeam "Metropolitan"]

1. e4 c5 2. c3 Nf6 3. e5 Nd5 4. Bc4 e6 5. Nf3 d6 6. O-O Nc6 7. d4 cxd4 8. cxd4
Be7 9. exd6 Qxd6 10. Nc3 Nxc3 11. bxc3 O-O 12. Re1 b6 13. Qe2 Bb7 14. Bd3 Rac8
15. Qe4 g6 16. Bg5 Na5 17. Qh4 Rfe8 18. Ne5 Bxg5 19. Qxg5 Qe7 20. Qd2 Bd5 21.
Re3 Qg5 22. f4 Qe7 23. f5 exf5 24. c4 Be4 25. Rae1 f6 26. Ng4 Nxc4 27. Bxc4+
Rxc4 28. Rxe4 fxe4 29. Rxe4 Qxe4 30. Nxf6+ Kg7 31. Nxe4 Rxe4 32. d5 Red4 33.
Qg5 Rd1+ 34. Kf2 Rc2+ 35. Kg3 Rd3+ 36. Kf4 Rc4+ 37. Ke5 Rxd5+ 0-1

[Event "4NCL"]
[Site "Barcelo Hotel, Hinkley Island,"]
[Date "2011.01.16"]
[Round "4.45"]
[White "Calvert, D Ian"]
[Black "Lambourne, Daniel M"]
[Result "1/2-1/2"]
[WhiteElo "1973"]
[BlackElo "1996"]
[PlyCount "57"]
[EventDate "2011.??.??"]
[WhiteTeam "Metropolitan"]
[BlackTeam "Gloucestershire Gambits"]

1. b3 d5 2. Bb2 c5 3. e3 Nc6 4. Bb5 Bd7 5. Nf3 e6 6. O-O Nf6 7. d3 a6 8. Bxc6
Bxc6 9. Ne5 Qc7 10. Nd2 Bd6 11. f4 Rg8 12. Nxc6 Qxc6 13. Qf3 Bc7 14. e4 Ba5 15.
Bxf6 gxf6 16. exd5 Qxd5 17. Qxd5 exd5 18. Rae1+ Kd7 19. Re2 Rae8 20. Rxe8 Rxe8
21. Nf3 Re2 22. Rf2 Re8 23. Kf1 Bc7 24. g3 b5 25. Re2 Re6 26. Nh4 Bd6 27. Nf5
Bf8 28. Ke1 h5 29. Kd1 1/2-1/2

[Event "4NCL"]
[Site "Barcelo Hotel, Hinkley Island,"]
[Date "2011.01.16"]
[Round "4.45"]
[White "Dodwell, Phil"]
[Black "Cooke, Charlie"]
[Result "1-0"]
[WhiteElo "1962"]
[BlackElo "1754"]
[PlyCount "115"]
[EventDate "2011.??.??"]
[WhiteTeam "Gloucestershire Gambits"]
[BlackTeam "Metropolitan"]

1. e4 e5 2. Nf3 Nf6 3. Nc3 Nc6 4. Bb5 d6 5. d4 Bd7 6. Bxc6 Bxc6 7. Qd3 exd4 8.
Nxd4 Bd7 9. Bg5 h6 10. Bh4 Be7 11. O-O-O g5 12. Bg3 Nh5 13. Rhe1 Nxg3 14. hxg3
c6 15. Nf5 Bxf5 16. exf5 O-O 17. Rh1 Kg7 18. Rxh6 Rh8 19. Rxh8 Qxh8 20. Ne4 d5
21. Qd4+ Kg8 22. Qxh8+ Kxh8 23. f6 Bd8 24. Nxg5 Kg8 25. Re1 Bxf6 26. Nh3 Kf8
27. g4 a5 28. g5 Be7 29. f4 b5 30. g4 b4 31. f5 a4 32. Re3 d4 33. Rf3 c5 34. f6
Bd6 35. b3 Rc8 36. Nf2 c4 37. bxc4 Rxc4 38. Kb2 Rc3 39. Rf5 a3+ 40. Kc1 Kg8 41.
Ne4 Rc6 42. Kd2 Kh7 43. Kd3 Bc7 44. Rf1 Be5 45. Rf5 Bh2 46. Rb5 Kg6 47. Rxb4
Bf4 48. Rb5 Be3 49. Rb8 Kh7 50. Ra8 Bc1 51. Rb8 Be3 52. Rb7 Kg6 53. Rb8 Kh7 54.
g6+ Kxg6 55. Rg8+ Kh6 56. g5+ Kh7 57. Rg7+ Kh8 58. Rxf7 1-0

[Event "4NCL"]
[Site "Barcelo Hotel, Hinkley Island,"]
[Date "2011.01.16"]
[Round "4.46"]
[White "Murphy, Conor"]
[Black "Brockbank, Henry"]
[Result "1/2-1/2"]
[WhiteElo "1905"]
[BlackElo "2105"]
[PlyCount "89"]
[EventDate "2011.??.??"]
[WhiteTeam "KJCA Knights"]
[BlackTeam "Halesowen"]

1. e4 d5 2. exd5 Nf6 3. Nf3 Nxd5 4. d4 Bf5 5. Bd3 Bxd3 6. Qxd3 Nc6 7. O-O e6 8.
c4 Nf6 9. Nc3 Be7 10. a3 a5 11. Bf4 O-O 12. Rad1 Nb8 13. Rfe1 c6 14. Re2 Nbd7
15. h3 Re8 16. Ng5 Nf8 17. Nge4 Qd7 18. Nxf6+ Bxf6 19. Ne4 Be7 20. Nc5 Bxc5 21.
dxc5 Qxd3 22. Rxd3 Red8 23. Bd6 a4 24. Red2 Ra5 25. Kf1 f6 26. f4 Kf7 27. Kf2
Ng6 28. g3 Rd7 29. Kf3 Ra8 30. Re2 Nf8 31. Rde3 Ra5 32. Rc3 Ke8 33. f5 e5 34.
Ke4 Rf7 35. Kf3 Nd7 36. Bc7 Rxc5 37. Rd2 b5 38. cxb5 cxb5 39. Rxc5 Nxc5 40.
Rd8+ Ke7 41. Rd5 Nb3 42. Ke4 Ke8 43. Rd8+ Ke7 44. Rd5 Ke8 45. Rd8+ 1/2-1/2

[Event "4NCL"]
[Site "Barcelo Hotel, Hinkley Island,"]
[Date "2011.01.16"]
[Round "4.47"]
[White "Meadows, Michael"]
[Black "Eden, Tomer"]
[Result "0-1"]
[WhiteElo "1834"]
[BlackElo "2188"]
[PlyCount "64"]
[EventDate "2011.??.??"]
[WhiteTeam "Bristol 3"]
[BlackTeam "British Universities CA"]

1. e4 c6 2. d4 d5 3. f3 e6 4. Nc3 Bb4 5. Nge2 Nf6 6. a3 Be7 7. Be3 O-O 8. Qd2
Nbd7 9. e5 Ne8 10. O-O-O b5 11. Na2 a5 12. Kb1 Nb6 13. Qc3 Nc4 14. Nec1 b4 15.
axb4 axb4 16. Qb3 Ba6 17. Bd2 Nxd2+ 18. Rxd2 Qa5 19. Bxa6 Rxa6 20. c4 bxc3 21.
Qxc3 Qb6 22. Qb3 Qa7 23. Rf2 Nc7 24. Qd3 Ra8 25. b3 Nb5 26. Rd2 Bg5 27. Rhd1
Bxd2 28. Rxd2 Na3+ 29. Ka1 c5 30. dxc5 Qxc5 31. Qf1 Nc2+ 32. Kb2 Rxa2+ 0-1

[Event "4NCL"]
[Site "Barcelo Hotel, Hinkley Island,"]
[Date "2011.01.16"]
[Round "4.47"]
[White "Woolgar, Steven G"]
[Black "Sargent, John R"]
[Result "1/2-1/2"]
[WhiteElo "1730"]
[BlackElo "1806"]
[PlyCount "32"]
[EventDate "2011.??.??"]
[WhiteTeam "Bristol 3"]
[BlackTeam "British Universities CA"]

1. c4 f5 2. Nc3 Nf6 3. Nf3 d6 4. d4 e6 5. g3 Be7 6. Bg2 O-O 7. O-O Qe8 8. Bf4
Qh5 9. Qd3 Nbd7 10. Rae1 Ng4 11. h4 e5 12. dxe5 dxe5 13. Qd5+ Kh8 14. Bxe5
Ndxe5 15. Nxe5 c6 16. Qf3 Be6 1/2-1/2

[Event "4NCL"]
[Site "Barcelo Hotel, Hinkley Island,"]
[Date "2011.01.16"]
[Round "4.47"]
[White "Woodruff, David G"]
[Black "Holowczak, Alex R"]
[Result "1/2-1/2"]
[WhiteElo "1609"]
[BlackElo "1746"]
[PlyCount "104"]
[EventDate "2011.??.??"]
[WhiteTeam "Bristol 3"]
[BlackTeam "British Universities CA"]

1. c4 e5 2. Nc3 Nf6 3. g3 g6 4. Bg2 Bg7 5. e3 O-O 6. Nge2 d6 7. O-O c6 8. d4
exd4 9. exd4 Bf5 10. Bf4 Na6 11. Qb3 Rb8 12. Qa3 Ne8 13. Ne4 Bxe4 14. Bxe4 Qe7
15. Qf3 Nac7 16. Be3 Nf6 17. Bc2 d5 18. c5 b6 19. b4 Ne6 20. Rfb1 bxc5 21. bxc5
Nd7 22. Qg2 Ndxc5 23. Rxb8 Rxb8 24. Rb1 Rxb1+ 25. Bxb1 Nd7 26. Qf1 Qb4 27. Qd1
Nf6 28. Qc1 Ne4 29. Bxe4 dxe4 30. Qxc6 Qe1+ 31. Kg2 Qxe2 32. Qa4 Qd3 33. Qxa7
Bxd4 34. Bxd4 Nxd4 35. Qb8+ Kg7 36. Qe5+ Kf8 37. Qb8+ Ke7 38. Qc7+ Kf6 39. Qd6+
Ne6 40. Qb6 Qa3 41. Qb1 Ke5 42. Qb5+ Qc5 43. Qe8 f5 44. Qh8+ Kd5 45. Qxh7 Qc3
46. Qxg6 Qf3+ 47. Kg1 Nc5 48. Qf7+ Kd4 49. Qf6+ Kc4 50. Qc6 Qa3 51. Qc8 Qf3 52.
Qc6 Qd1+ 1/2-1/2

[Event "4NCL"]
[Site "Barcelo Hotel, Hinkley Island,"]
[Date "2011.01.16"]
[Round "4.48"]
[White "Wagner, Guy"]
[Black "Heard, Andrew H"]
[Result "1-0"]
[WhiteElo "1900"]
[BlackElo "1946"]
[PlyCount "69"]
[EventDate "2011.??.??"]
[WhiteTeam "Celtic Tigers 2"]
[BlackTeam "SCS"]

1. Nf3 f5 2. d4 Nf6 3. g3 g6 4. Bg2 Bg7 5. O-O O-O 6. b4 c6 7. c4 d5 8. Nbd2 a5
9. b5 cxb5 10. cxb5 Nbd7 11. a4 Ne4 12. Bb2 e6 13. Rc1 Nb6 14. Ba3 Re8 15. e3
Bd7 16. Nxe4 fxe4 17. Ne5 Rc8 18. Bc5 Bxe5 19. dxe5 Nc4 20. Bd4 Qe7 21. f3 exf3
22. Bxf3 Rf8 23. Be2 Rxf1+ 24. Qxf1 Qb4 25. Bxc4 dxc4 26. Qd1 Kg7 27. Bc3 Qe7
28. Bxa5 Be8 29. Qd6 Qxd6 30. exd6 Bd7 31. Bc7 Kf6 32. Rxc4 Ke5 33. Rf4 Be8 34.
Rf8 Kd5 35. Rxe8 1-0

[Event "4NCL"]
[Site "Barcelo Hotel, Hinkley Island,"]
[Date "2011.01.16"]
[Round "4.48"]
[White "Buttell, David"]
[Black "Lutton, J Arnold"]
[Result "1/2-1/2"]
[WhiteElo "1761"]
[BlackElo "1826"]
[PlyCount "81"]
[EventDate "2011.??.??"]
[WhiteTeam "Celtic Tigers 2"]
[BlackTeam "SCS"]

1. d4 e6 2. c4 Be7 3. Nf3 c6 4. Nc3 d5 5. cxd5 cxd5 6. Bf4 Nf6 7. h3 O-O 8. e3
a6 9. Bd3 Nc6 10. a3 Bd7 11. O-O Rc8 12. Rc1 Na5 13. Ne5 Nc4 14. Qe2 Nxe5 15.
Bxe5 Bc6 16. Rc2 Bd6 17. Bxd6 Qxd6 18. Rfc1 Rc7 19. Na2 Rfc8 20. Qd2 Ba4 21.
Rxc7 Rxc7 22. Rxc7 Qxc7 23. Nc3 Bb3 24. f3 Nd7 25. Bc2 Bxc2 26. Qxc2 Nb6 27. b3
Nc8 28. Qb2 Nd6 29. Kf2 Nf5 30. Ne2 Nd6 31. Qc3 Nb5 32. Qxc7 Nxc7 33. Nc3 b5
34. Ke2 Kf8 35. Kd3 Ke7 36. b4 Kd6 37. Nb1 e5 38. dxe5+ Kxe5 39. f4+ Kd6 40. g4
Ne6 41. Nd2 1/2-1/2